| 000 | 00596nam a2200205Ia 4500 | ||
|---|---|---|---|
| 999 |
_c4385 _d4385 |
||
| 020 | _a0-7619-3381-6 | ||
| 082 | _a306.0954 CUL- | ||
| 245 | 0 | _aCulture and the making of identity in contemporary India | |
| 260 |
_aNew Delhi _bSage Publications _c2005 |
||
| 300 | _a274 | ||
| 440 | _aThe Asiatic Society of Mumbai bicentenary volume | ||
| 504 | _aincludes index | ||
| 650 |
_aIndia _vCivilization _z1947 |
||
| 650 |
_aFeminism _zIndia |
||
| 650 |
_aIndia _vHistoriography |
||
| 650 |
_aScience _vStudy and teaching _zIndia |
||
| 700 | _aThakkar, Usha | ||
| 700 | _aGanesh, Kamala | ||
| 942 | _cBK | ||